Ekologija

Salvato in:
Dettagli Bibliografici
Natura: Periodico
Lingua:russo
Pubblicazione: Moskva Nauka 1989
Tags: Aggiungi Tag
Nessun Tag, puoi essere il primo ad aggiungerne!!

MARC

LEADER 00000nas2a2200000 4500
001 s032219
005 20250730114142.7
041 0 |a rus 
044 |a RU 
245 1 0 |a Ekologija 
264 1 |a Moskva  |b Nauka  |c 1989 
300 |a 1 zv.